000 00232nam a22001097a 4500
003 SGT
100 _aJAIN, M. L.
245 _aSTATICS (BA/ B.Sc.2 SEM-3
260 _aNEW DELHI
_bJEEVANSONS
_c2016
300 _aV. P.
942 _2ddc
_cFPS
999 _c10088
_d10088